[Event "FIDE World Uni Rapid-A 1st"]
[Site "Tornelo INT"]
[Date "2021.03.21"]
[Round "9"]
[White "Bathula, Abhinav Reddy"]
[Black "Quirhuayo Chumbe, German Gonzalo"]
[Result "0-1"]
[WhiteElo "1735"]
[BlackElo "2296"]
[PlyCount "98"]
[EventDate "2021.03.20"]
[EventType "swiss (rapid)"]
[EventRounds "12"]
[EventCountry "NET"]
[SourceTitle "CBM 201 Extra"]
[Source "ChessBase"]
[SourceDate "2021.05.31"]
[SourceVersion "1"]
[SourceVersionDate "2021.05.31"]
[SourceQuality "1"]

1. e4 c5 2. Nf3 Nc6 3. d4 cxd4 4. Nxd4 e5 5. Nb5 d6 6. N1c3 a6 7. Na3 b5 8. Nd5 Nce7 9. c4 Nxd5 10. exd5 bxc4 11. Nxc4 f5 12. Be2 Nf6 13. Be3 Rb8 14. Bg5 Be7 15. 0-0 0-0 16. a4 Bb7 17. Bxf6 Rxf6 18. a5 Rh6 19. Ra3 Qe8 20. Nb6 Bf6 21. b4 e4 22. Qc1 Be5 23. g3 Qd8 24. Qe3 Rf6 25. f4 exf3 26. Rxf3 Rf7 27. Rd3 Qf6 28. Rd1 Re8 29. Qf2 f4 30. b5 axb5 31. Bxb5 Ref8 32. g4 Qg6 33. h3 h5 34. Bd3 Qg5 35. Bb1 hxg4 36. Qg2 g3 37. Qc2 Qh5 38. Kg2 Rf6 39. Qc4 Rh6 40. Rh1 g5 41. Qf1 Bd4 42. a6 Bxa6 43. Qxa6 g4 44. Be4 gxh3+ 45. Kf1 g2+ 46. Ke2 gxh1Q 47. Nd7 Re8 48. Qd3 Q1xf3+ 49. Qxf3 Rxe4+ 0-1

[Event "FIDE World Uni Rapid-A 1st"]
[Site "Tornelo INT"]
[Date "2021.03.21"]
[Round "7"]
[White "Heredia Madrigal, Andrei"]
[Black "Bathula, Abhinav Reddy"]
[Result "0-1"]
[WhiteElo "2040"]
[BlackElo "1735"]
[PlyCount "86"]
[EventDate "2021.03.20"]
[EventType "swiss (rapid)"]
[EventRounds "12"]
[EventCountry "NET"]
[SourceTitle "CBM 201 Extra"]
[Source "ChessBase"]
[SourceDate "2021.05.31"]
[SourceVersion "1"]
[SourceVersionDate "2021.05.31"]
[SourceQuality "1"]

1. e4 c5 2. Nc3 d6 3. f4 g6 4. Nf3 Bg7 5. Bc4 Nc6 6. 0-0 e6 7. Qe1 Nd4 8. Nxd4 cxd4 9. Ne2 a6 10. a4 Ne7 11. d3 d5 12. exd5 Nxd5 13. Ng3 0-0 14. Kh1 Rb8 15. Ne4 b5 16. axb5 axb5 17. Bb3 Bb7 18. Ra5 Bc6 19. Nc5 Qb6 20. Bxd5 Bxd5 21. Nd7 Qb7 22. Nxf8 Bxg2+ 23. Kg1 Bxf1 24. Qxf1 Rxf8 25. Bd2 Rc8 26. Qd1 h5 27. Bb4 h4 28. h3 Qc7 29. Rxb5 Qxf4 30. Qd2 Qg3+ 31. Qg2 Qe3+ 32. Qf2 Qc1+ 33. Be1 Bh6 34. Kh1 Rxc2 35. Rb8+ Bf8 36. Qxh4 Re2 37. Rd8 Rxe1+ 38. Kg2 Rg1+ 39. Kh2 Rh1+ 40. Kg2 Qg1+ 41. Kf3 Qe3+ 42. Kg2 Rg1+ 43. Kh2 g5 0-1

[Event "FIDE World Uni Blitz-C 1st"]
[Site "Tornelo INT"]
[Date "2021.03.13"]
[Round "7.39"]
[White "Bathula, Abhinav Reddy"]
[Black "Rengifo Blancas, Renzo Jhonathan"]
[Result "0-1"]
[WhiteElo "1735"]
[BlackElo "2131"]
[PlyCount "192"]
[EventDate "2021.03.13"]
[EventType "swiss (blitz)"]
[EventRounds "10"]
[EventCountry "NET"]
[SourceTitle "EXT 2022"]
[Source "ChessBase"]
[SourceDate "2021.10.06"]
[SourceVersion "1"]
[SourceVersionDate "2021.10.06"]
[SourceQuality "1"]

1. e4 c6 2. d4 d5 3. Nd2 dxe4 4. Nxe4 Bf5 5. Ng3 Bg6 6. h4 h6 7. N1e2 e6 8. Nf4 Bh7 9. Bd3 Bxd3 10. Qxd3 Nf6 11. Bd2 Nbd7 12. 0-0-0 Qc7 13. Rhe1 0-0-0 14. Qf3 c5 15. Rxe6 fxe6 16. Nxe6 Qc6 17. Qxc6+ bxc6 18. Nxd8 Kxd8 19. Ba5+ Kc8 20. dxc5 Bxc5 21. f3 Rg8 22. Bd2 g5 23. hxg5 hxg5 24. Nf5 Kc7 25. b4 Bf8 26. g4 Nd5 27. a3 Bg7 28. c4 Nf4 29. Bxf4+ gxf4 30. Kc2 Ne5 31. Re1 Bf6 32. Re4 Rh8 33. g5 Rh2+ 34. Kb3 Nxf3 35. Rxf4 Nd2+ 36. Ka4 Bxg5 37. Rg4 Bf6 38. Rg6 Be5 39. Ne7 Bd6 40. Nf5 Nxc4 41. Rg7+ Kb6 42. Nxd6 Nxd6 43. Rg6 Nb5 44. Rg3 Rb2 45. Rh3 Ra2 46. Rg3 a6 47. Rh3 Rf2 48. Rd3 Rf4 49. Kb3 c5 50. bxc5+ Kxc5 51. Rh3 Nd6 52. Rh5+ Kc6 53. Rh6 Rf3+ 54. Kb4 Rf5 55. Rg6 Rd5 56. Rh6 a5+ 57. Ka4 Rc5 58. Kb3 Rd5 59. Ka4 Rg5 60. Rf6 Kc5 61. Kxa5 Rg8 62. Ka4 Rb8 63. Rh6 Kc4 64. Rh4+ Kd5 65. Rh5+ Kd4 66. Rh4+ Ne4 67. Ka5 Kc5 68. Rh5+ Kc4 69. a4 Nc5 70. Rh4+ Kd5 71. Rh5+ Kd6 72. Rh6+ Ne6 73. Rh5 Kc6 74. Rh6 Kd5 75. Rh5+ Kd6 76. Rh6 Kd7 77. Rh7+ Kc6 78. Rh6 Kd6 79. Ka6 Ra8+ 80. Kb5 Rb8+ 81. Kc4 Ra8 82. Kb4 Kd5 83. Rh5+ Kd6 84. a5 Nc7 85. Rh6+ Kd7 86. Ka4 Nd5 87. Rh7+ Kc6 88. Rh6+ Kc5 89. Rh5 Kc4 90. Rg5 Nc3+ 91. Ka3 Nb5+ 92. Ka4 Nd4 93. Rh5 Nc6 94. Rh4+ Nd4 95. Rh5 Rb8 96. a6 Rb1 0-1

[Event "Birmingham op"]
[Site "Birmingham"]
[Date "2020.02.23"]
[Round "5"]
[White "Tayar, Jonathan"]
[Black "Bathula, Abhinav Reddy"]
[Result "1-0"]
[WhiteElo "2344"]
[BlackElo "1735"]
[PlyCount "43"]
[EventDate "2020.02.22"]
[EventType "team-swiss"]
[EventRounds "5"]
[EventCountry "ENG"]
[SourceTitle "CBM 195 Extra"]
[Source "ChessBase"]
[SourceDate "2020.05.31"]
[SourceVersion "1"]
[SourceVersionDate "2020.05.31"]
[SourceQuality "1"]
[WhiteTeam "Cambridge"]
[BlackTeam "LSE"]
[WhiteTeamCountry "ENG"]
[BlackTeamCountry "ENG"]

1. e4 c5 2. Nf3 d6 3. d4 cxd4 4. Nxd4 Nf6 5. Nc3 a6 6. Bg5 e6 7. f4 h6 8. Bh4 Be7 9. Qf3 Qc7 10. 0-0-0 Nbd7 11. g4 g5 12. e5 dxe5 13. fxg5 hxg5 14. Bg3 Ra7 15. h4 Qb6 16. Nb3 Qc6 17. Qe2 b5 18. Bg2 Qc4 19. Qf2 Rc7 20. Na5 Qxg4 21. Nc6 Bc5 22. Qxc5 1-0